Prístup Eurostatu k váženiu údajov vo výberových zisťovaniach v domácnostiach

Metóda váženia údajov, ktorú využíva Eurostat. Priestorová a časová metóda. Postup pri výpočte váh údajov pre výberové zisťovania v domácnostiach.

Guardado en:
Detalles Bibliográficos
Autor principal: Cár, Mikuláš
Formato: Capítulo de libro
Lenguaje:eslovaco
Materias:
Etiquetas: Agregar Etiqueta
Sin Etiquetas, Sea el primero en etiquetar este registro!

MARC

LEADER 00000naa a2200000 4500
001 r026675
005 20230925110118.3
041 0 |a slo 
044 |a CZ 
245 1 0 |a Prístup Eurostatu k váženiu údajov vo výberových zisťovaniach v domácnostiach  |c M. Cár 
520 |a Metóda váženia údajov, ktorú využíva Eurostat. Priestorová a časová metóda. Postup pri výpočte váh údajov pre výberové zisťovania v domácnostiach. 
610 2 0 |a štatistika 
610 2 0 |a váhy 
610 2 0 |a zisťovanie výberové 
610 2 0 |a domácnosti 
100 1 |a Cár, Mikuláš